000 00732nam a2200253Ia 4500
003 OSt
005 20221006161006.0
006 a|||||r|||| 00| 0
007 ta
008 221006b |||||||| |||| 00| 0 eng d
020 _a9780226719337
024 _a47,058
037 _cTextual
040 _aEASL
_cEASL
_beng
041 _2eng
_aeng
082 _aX64.1, Q1
100 _aRILES Annelise
_9675647
245 0 _aCollateral knowledge
_b Legal reasoning in the global financial markets
260 _aChicago
_bUniversity of Chicago Press
_c2011
300 _a295p.
_ccm.
490 _v JEL
_aChicago serise in law and society
942 _hX64.1, Q1
_cTEXL
_2CC
999 _c1115147
_d1115147